X- WAYS. An English Cource for Students of Electronics and Nondestructive Quality Testing: учебник
| 1. Verfasser: | |
|---|---|
| Körperschaft: | |
| Weitere Verfasser: | |
| Zusammenfassung: | Книга на английском языке. Учебник предназначен для студентов неязыковых вузов, изучающих дисциплину «Английский язык», предусмотренную государственным образовательным стандартом высшего профессионального образования и примерным учебным планом для специальности 200102 - «Приборы и методы контроля качества и диагностики», и рассчитан на 120 аудиторных часов (модули «Введение в электронику», «Визуальный измерительный контроль», «Электромагнитный контроль», «Радиационный контроль»). Целью учебника является развитие навыков и умений использования английского языка в сфере профессионального общения. Учебник содержит аутентичные тексты по основным темам. специальности. Система упражнений, разработанных с учетом современных тенденций в теории и практике преподавания иностранных языков, направлена на развитие умений чтения, говорения, письменной речи, а также на развитие стратегий обучения и учебной автономии. |
| Sprache: | Russisch Englisch |
| Veröffentlicht: |
Томск, Изд-во ТПУ, 2007
|
| Schlagworte: | |
| Format: | Buch |
| KOHA link: | https://koha.lib.tpu.ru/cgi-bin/koha/opac-detail.pl?biblionumber=139100 |
MARC
| LEADER | 00000nam0a2200000 4500 | ||
|---|---|---|---|
| 001 | 139100 | ||
| 005 | 20240118120404.0 | ||
| 035 | |a (RuTPU)RU\TPU\book\150704 | ||
| 035 | |a RU\TPU\book\111470 | ||
| 090 | |a 139100 | ||
| 100 | |a 20080603d2007 m y0rusy50 ca | ||
| 101 | 0 | |a rus |a eng | |
| 102 | |a RU | ||
| 105 | |a a j 001zy | ||
| 200 | 1 | |a X- WAYS. An English Cource for Students of Electronics and Nondestructive Quality Testing |e учебник |f О. С. Квашнина, Л. И. Агафонова |g Томский политехнический университет (ТПУ), Институт языковой коммуникации (ИЯК) | |
| 210 | |a Томск |c Изд-во ТПУ |d 2007 | ||
| 215 | |a 177 с. |c ил. | ||
| 300 | |a Книга на английском языке. | ||
| 320 | |a References: p. 176. | ||
| 330 | |a Учебник предназначен для студентов неязыковых вузов, изучающих дисциплину «Английский язык», предусмотренную государственным образовательным стандартом высшего профессионального образования и примерным учебным планом для специальности 200102 - «Приборы и методы контроля качества и диагностики», и рассчитан на 120 аудиторных часов (модули «Введение в электронику», «Визуальный измерительный контроль», «Электромагнитный контроль», «Радиационный контроль»). Целью учебника является развитие навыков и умений использования английского языка в сфере профессионального общения. Учебник содержит аутентичные тексты по основным темам. специальности. Система упражнений, разработанных с учетом современных тенденций в теории и практике преподавания иностранных языков, направлена на развитие умений чтения, говорения, письменной речи, а также на развитие стратегий обучения и учебной автономии. | ||
| 606 | 1 | |a Английский язык |x Учебные руководства и пособия |x Учебные руководства и пособия для высшей школы |2 stltpush |3 (RuTPU)RU\TPU\subj\29071 |9 52483 | |
| 610 | 1 | |a лексика | |
| 610 | 1 | |a грамматика | |
| 610 | 1 | |a разговорная речь | |
| 610 | 1 | |a чтение | |
| 610 | 1 | |a переводы | |
| 610 | 1 | |a письменная речь | |
| 610 | 1 | |a электротехника | |
| 610 | 1 | |a приборы | |
| 610 | 1 | |a контроль | |
| 610 | 1 | |a качество | |
| 686 | |a Ш143.21-923 |2 rubbk | ||
| 700 | 1 | |a Квашнина |b О. С. |c лингвист |c старший преподаватель Томского политехнического университета |f 1980- |g Ольга Сергеевна |3 (RuTPU)RU\TPU\pers\27954 |9 12944 | |
| 701 | 1 | |a Агафонова |b Л. И. |c доцент |c кафедра иностранных языков в области техники и технологий Томского политехнического университета |g Лидия Ивановна |3 (RuTPU)RU\TPU\pers\24742 |9 10983 | |
| 712 | 0 | 2 | |a Томский политехнический университет (ТПУ) |b Институт языковой коммуникации (ИЯК) |3 (RuTPU)RU\TPU\col\3881 |
| 801 | 1 | |a RU |b 63413507 |c 20061016 |g PSBO | |
| 801 | 2 | |a RU |b 63413507 |c 20160421 |g PSBO | |
| 942 | |c BK | ||